Politické strany Ruska : hledání identity /

Hlavní autor: Holzer, Jan, 1969-
Jazyk: Čeština
Vydáno: Brno : Centrum pro studium demokracie a kultury (CDK), 2004
Vydání: 1. vyd.
Edice: Politologická řada
Témata:
Fyzický popis: 335 s. ; 20 cm
Knihy
Uloženo v:
LEADER 01502nam a2200445 a 4500
001 000835841
003 CZ BrMZK
005 20090702170312.0
007 ta
008 040407s2004 xr e 000 0 cze
015 |a cnb001311008 
020 |a 80-7325-032-2  |q (brož.) :  |c Kč 298,00 
035 |a (OCoLC)56764296 
040 |a ABA001  |b cze  |d BOA001 
041 0 |a cze  |b eng  |b rus 
043 |a e-ru--- 
045 |a x9y0 
072 7 |a 329  |x Politické strany a hnutí  |2 Konspekt  |9 15 
080 |a 329.1/.6  |2 MRF 
080 |a 342.5  |2 MRF 
080 |a 328/329  |2 MRF 
080 |a (470+571)  |2 MRF 
080 |a (048.8)  |2 MRF 
100 1 |a Holzer, Jan,  |d 1969-  |7 jn20001227544  |4 aut 
245 1 0 |a Politické strany Ruska :  |b hledání identity /  |c Jan Holzer 
250 |a 1. vyd. 
260 |a Brno :  |b Centrum pro studium demokracie a kultury (CDK),  |c 2004 
300 |a 335 s. ;  |c 20 cm 
490 1 |a Politologická řada ;  |v sv. č. 18 
500 |a Anglické a ruské resumé 
504 |a Obsahuje bibliografii a bibliografické odkazy 
650 0 7 |a politické strany  |7 ph115790  |z Rusko  |y 1991-  |2 czenas 
650 0 7 |a politický systém  |7 ph124258  |z Rusko  |y 1991-  |2 czenas 
655 7 |a studie  |7 fd133597  |2 czenas 
651 7 |a Rusko (federace)  |7 ge130512  |x politika a vláda  |2 czenas 
830 0 |a Politologická řada  |0 s 
910 2 |a BOA001  |b 2-1178.055 
990 |a BK 
991 |b 200701  |c NOV 
996 6 |b 2610296404  |c 2-1178.055  |l MZK  |r Sklad / do 1 hodiny  |n 0  |p kup  |w 000835841  |u 000010  |a 1  |e BOA001  |j MZK50  |s P